Top 10 Leeds United Premier League Appearances - Statistics

General Stats
  • This quiz has been taken 107 times
  • The average score is 6 of 10
Answer Stats
Player Apps % Correct
Alan Smith 172
86%
Harry Kewell 180
83%
Lee Bowyer 203
71%
Ian Harte 213
67%
Lucas Radebe 195
63%
Gary Kelly 323
56%
Nigel Martyn 207
55%
Gary McAllister 150
43%
Rod Wallace 178
36%
David Wetherall 200
18%
No matching quizzes found
Score Distribution
Percent of People with Each Score
Percentile by Number Answered
Your Score History
You have not taken this quiz